000 00366nam a22000977a 4500
100 _aश्रीवास्‍पव,विनय
_980170
245 _aऐसे बने थे लाला लाजपतराय
260 _a दिल्‍ली
_bश्रीनाथ बुक्‍स हाऊस
_c2019
650 _aजीवनी
_97943
942 _cHIN
999 _c63619
_d63619